000 00732nam a2200253Ia 4500
003 OSt
005 20220918111906.0
006 a|||||r|||| 00| 0
007 ta
008 220915b |||||||| |||| 00| 0 eng d
024 _a57336
037 _cTextbook
040 _beng
_aARTS
_cARTS
041 _aeng
082 _aP15:10A28:3x1:1:g, 111K5
100 _aMehendale Madhukar Anant
_911010
245 0 _aNirukta notes
260 _aPoona
_bDeccan College India
300 _a72p.
_ccm.
490 _aDeccan college buldinmg centenary and silver jublee series; 24
650 _aLINGUISTICS
942 _hP15:10A28:3x1:1:g, 111K5
_cTB
_2CC
999 _c117059
_d117059